[Event "El Prat de Llobregat op 4th"]
[Site "El Prat de Llobregat"]
[Date "2023.02.10"]
[Round "2"]
[White "Ysern Comas, Juan Antonio"]
[Black "Canellas Magide, Lluis"]
[Result "0-1"]
[WhiteElo "1547"]
[BlackElo "1958"]
[PlyCount "94"]
[EventDate "2023.02.03"]
[EventType "swiss"]
[EventRounds "9"]
[EventCountry "ESP"]
[SourceTitle "EXT 2024"]
[Source "ChessBase"]
[SourceDate "2023.10.10"]
[SourceVersion "1"]
[SourceVersionDate "2023.10.10"]
[SourceQuality "1"]

1. d4 d5 2. c4 Nc6 3. Bf4 e5 4. dxe5 d4 5. a3 a5 6. Nf3 Bc5 7. g3 Nge7 8. Bg2 Bg4 9. 0-0 0-0 10. Re1 Ng6 11. Qd2 Qe7 12. e3 dxe3 13. Bxe3 Rfd8 14. Qc1 Ngxe5 15. Nxe5 Nxe5 16. Qc3 Rd3 17. Bxc5 Qxc5 18. Rxe5 Rxc3 19. Rxc5 Rc1+ 20. Bf1 Bh3 21. Nd2 Rxa1 22. Rd5 g6 23. f4 Re8 24. Kf2 Bxf1 25. Nxf1 Rae1 26. Rd2 Kf8 27. Rc2 a4 28. Rd2 R1e4 29. Rc2 c6 30. c5 h5 31. h4 f6 32. Nh2 Rd8 33. Nf3 Rd5 34. Rc3 Ke7 35. Rc2 Ke6 36. Rc3 Rd1 37. Rc2 Kd5 38. Nd2 Rd4 39. Ke2 R1xd2+ 40. Rxd2 Rxd2+ 41. Kxd2 Kxc5 42. Kc3 f5 43. Kd3 Kd5 44. Ke3 Kc4 45. Kd2 Kd4 46. Ke2 Ke4 47. Kf2 Kd3 0-1

[Event "Barcelona CC 4th"]
[Site "Barcelona"]
[Date "2016.11.14"]
[Round "5.6"]
[White "Canellas Magide, Lluis"]
[Black "Calafell Marques, Josep"]
[Result "1-0"]
[WhiteElo "2183"]
[BlackElo "1959"]
[PlyCount "45"]
[EventDate "2016.10.17"]
[EventType "swiss"]
[EventRounds "8"]
[EventCountry "ESP"]
[SourceTitle "EXT 2024"]
[Source "ChessBase"]
[SourceDate "2023.10.10"]
[SourceVersion "1"]
[SourceVersionDate "2023.10.10"]
[SourceQuality "1"]

1. d4 e6 2. e4 d6 3. Nc3 Nf6 4. f4 Be7 5. Nf3 c6 6. Bd3 Qc7 7. 0-0 Nbd7 8. e5 Nd5 9. Ne4 Nb4 10. exd6 Bxd6 11. Nxd6+ Qxd6 12. f5 Nf6 13. Bg5 Nxd3 14. Qxd3 Nd5 15. c4 Nc7 16. Rae1 0-0 17. f6 g6 18. Bh6 Re8 19. Re5 b6 20. Bf4 c5 21. d5 Bb7 22. Ng5 Qf8 23. Nxh7 1-0

[Event "Roncana op-A 10th"]
[Site "Santa Eulalia de Roncana"]
[Date "2016.10.22"]
[Round "5"]
[White "Canellas Magide, Lluis"]
[Black "Deulonder Camins, Xavier"]
[Result "1-0"]
[WhiteElo "2048"]
[BlackElo "1906"]
[PlyCount "141"]
[EventDate "2016.09.24"]
[EventType "swiss"]
[EventRounds "8"]
[EventCountry "ESP"]
[SourceTitle "EXT 2018"]
[Source "ChessBase"]
[SourceDate "2017.10.13"]
[SourceVersion "1"]
[SourceVersionDate "2017.10.13"]
[SourceQuality "1"]

1. Nc3 e5 2. Nf3 Nc6 3. d4 exd4 4. Nxd4 Bc5 5. Be3 Bb6 6. Nd5 Nf6 7. Nxb6 axb6 8. Bg5 d5 9. Nxc6 bxc6 10. Qd4 Bb7 11. Qe5+ Qe7 12. Bxf6 gxf6 13. Qxe7+ Kxe7 14. g3 c5 15. Bg2 Ra7 16. 0-0 Rha8 17. a3 b5 18. Rad1 Rd8 19. Rd2 d4 20. Bxb7 Rxb7 21. Rfd1 Rb6 22. Kg2 Rbd6 23. e3 dxe3 24. Rxd6 Rxd6 25. Re1 Rd2 26. Rxe3+ Kd6 27. Rc3 Kd5 28. Kf1 Rd1+ 29. Ke2 Rb1 30. Rd3+ Ke6 31. b3 Ra1 32. Re3+ Kd6 33. Rf3 Ke6 34. g4 Rxa3 35. Rf5 Ra2 36. Rxc5 Kd6 37. Rc3 c5 38. Kd2 Ra1 39. Rf3 Ke6 40. Rf5 Rg1 41. h3 Rf1 42. Ke2 Rh1 43. Rxc5 Rxh3 44. Rxb5 Rc3 45. Kd2 Rf3 46. Rf5 Rh3 47. b4 Ra3 48. c3 Ra2+ 49. Kd3 h5 50. Rxh5 Rxf2 51. Rf5 Rg2 52. Rf4 Ke5 53. Re4+ Kd5 54. c4+ Kd6 55. Ke3 Rg1 56. Rf4 Ke5 57. Rf5+ Ke6 58. b5 Rxg4 59. Rf4 Rg8 60. Kd4 f5 61. b6 Rb8 62. c5 Rd8+ 63. Kc4 Ke5 64. Rf1 Rd4+ 65. Kb5 f4 66. b7 Rd2 67. Kc6 Rb2 68. Kc7 Ke4 69. b8Q Rxb8 70. Kxb8 f3 71. c6 1-0

[Event "Roncana op-A 10th"]
[Site "Santa Eulalia de Roncana"]
[Date "2016.10.15"]
[Round "4"]
[White "Mas Recorda, Pere"]
[Black "Canellas Magide, Lluis"]
[Result "1/2-1/2"]
[WhiteElo "2027"]
[BlackElo "2048"]
[PlyCount "41"]
[EventDate "2016.09.24"]
[EventType "swiss"]
[EventRounds "8"]
[EventCountry "ESP"]
[SourceTitle "EXT 2018"]
[Source "ChessBase"]
[SourceDate "2017.10.13"]
[SourceVersion "1"]
[SourceVersionDate "2017.10.13"]
[SourceQuality "1"]

1. d4 f5 2. c4 Nf6 3. Nc3 d6 4. Nf3 g6 5. g3 Bg7 6. Bg2 0-0 7. 0-0 Nc6 8. d5 Ne5 9. Nxe5 dxe5 10. Qb3 e6 11. Rd1 exd5 12. cxd5 Rf7 13. Bg5 h6 14. Be3 Bf8 15. Qc4 Ne8 16. f4 Nd6 17. Qd3 e4 18. Qc2 b6 19. Bd4 Bg7 20. e3 Bb7 21. Bf1 1/2-1/2

[Event "Igualada op 11th"]
[Site "Igualada"]
[Date "2016.02.20"]
[Round "6"]
[White "Clanchet Olle, Josep"]
[Black "Canellas Magide, Lluis"]
[Result "0-1"]
[WhiteElo "1732"]
[BlackElo "2072"]
[PlyCount "62"]
[EventDate "2016.01.16"]
[EventType "swiss"]
[EventRounds "8"]
[EventCountry "ESP"]
[SourceTitle "EXT 2017"]
[Source "ChessBase"]
[SourceDate "2016.10.25"]
[SourceVersion "1"]
[SourceVersionDate "2016.10.25"]
[SourceQuality "1"]

1. e4 c5 2. Nf3 e6 3. Nc3 Nc6 4. d4 cxd4 5. Nxd4 Nf6 6. a3 Bc5 7. Be3 Qb6 8. Na4 Qa5+ 9. Nc3 Qb6 10. Na4 Qa5+ 11. Nc3 Bxd4 12. Bxd4 Nxe4 13. b4 Nxc3 14. Bxc3 Qc7 15. Bxg7 Rg8 16. Bb2 b6 17. Qh5 Bb7 18. Bd3 0-0-0 19. 0-0-0 Qf4+ 20. Kb1 Rxg2 21. Rhg1 Rdg8 22. Rxg2 Rxg2 23. Qxh7 Rxh2 24. Qg8+ Kc7 25. Qe8 Rxf2 26. Bb5 d6 27. Bxc6 Bxc6 28. Qe7+ Kb8 29. Rd4 Rf1+ 30. Ka2 Bd5+ 31. c4 Bxc4+ 0-1

[Event "Vall del Tenes op 4th"]
[Site "Santa Eulalia de Roncana"]
[Date "2015.05.29"]
[Round "7"]
[White "Canellas Magide, Lluis"]
[Black "Catarineu Morales, Alex"]
[Result "1-0"]
[WhiteElo "2193"]
[BlackElo "2087"]
[PlyCount "89"]
[EventDate "2015.04.10"]
[EventType "swiss"]
[EventRounds "8"]
[EventCountry "ESP"]
[SourceTitle "CBM 166 Extra"]
[Source "ChessBase"]
[SourceDate "2015.06.18"]
[SourceVersion "1"]
[SourceVersionDate "2015.06.18"]
[SourceQuality "1"]

1. d4 d5 2. Nc3 Nf6 3. Bg5 c5 4. Bxf6 gxf6 5. e3 Nc6 6. Qh5 e6 7. 0-0-0 cxd4 8. exd4 Bb4 9. Nge2 Qe7 10. g4 Bd7 11. Bg2 0-0-0 12. Nb1 Kb8 13. Nd2 Rc8 14. Kb1 Na5 15. c3 Bd6 16. Rhe1 Bb5 17. Qh3 Qc7 18. Qf3 Bxh2 19. Qxf6 Bd3+ 20. Ka1 Rhg8 21. Qf3 Bg6 22. Qe3 h5 23. g5 Bd6 24. Bf3 b5 25. Rh1 Rh8 26. Rh4 b4 27. Rc1 b3 28. Rch1 Nc4 29. Nxc4 Qxc4 30. Bxh5 Bxh5 31. Rxh5 Rhg8 32. Nc1 bxa2 33. Qd3 Qa4 34. Qf3 Qd7 35. Rh7 Rcf8 36. Qf6 Be7 37. Rxf7 Bxf6 38. Rxd7 Bxg5 39. Nd3 Rf3 40. Ne5 Rxf2 41. Nc6+ Kc8 42. Rhh7 Bf4 43. Nxa7+ Kb8 44. Nc6+ Kc8 45. Ra7 1-0

[Event "Vall del Tenes op 4th"]
[Site "Santa Eulalia de Roncana"]
[Date "2015.04.24"]
[Round "3"]
[White "Canellas Magide, Lluis"]
[Black "Cordomi Fons, Francesco"]
[Result "1-0"]
[WhiteElo "2193"]
[BlackElo "2067"]
[PlyCount "113"]
[EventDate "2015.04.10"]
[EventType "swiss"]
[EventRounds "8"]
[EventCountry "ESP"]
[SourceTitle "CBM 166 Extra"]
[Source "ChessBase"]
[SourceDate "2015.06.18"]
[SourceVersion "1"]
[SourceVersionDate "2015.06.18"]
[SourceQuality "1"]

1. d4 f5 2. Nc3 Nf6 3. Bg5 e6 4. e4 fxe4 5. Nxe4 Be7 6. Bxf6 Bxf6 7. Qh5+ g6 8. Qh6 Qe7 9. Nxf6+ Qxf6 10. 0-0-0 Nc6 11. Nf3 Ne7 12. Bc4 Rf8 13. Rhe1 Qf4+ 14. Qxf4 Rxf4 15. Bb3 a5 16. a3 a4 17. Ba2 b5 18. d5 Bb7 19. dxe6 d6 20. Rd4 Rf5 21. Rh4 Bxf3 22. gxf3 h5 23. c4 c6 24. Rd4 0-0-0 25. Red1 Kc7 26. cxb5 cxb5 27. f4 Rc5+ 28. Kb1 d5 29. b4 axb3 30. Bxb3 Kd6 31. Re1 Ra8 32. Kb2 Rf8 33. Bc2 Rf6 34. f5 Nxf5 35. Bxf5 Ke7 36. Bd3 Rxf2+ 37. Re2 Rxe2+ 38. Bxe2 Kxe6 39. Rb4 Ke5 40. Rxb5 Rc8 41. Bf3 Rd8 42. a4 g5 43. h3 Kf4 44. Bxh5 d4 45. Kc2 d3+ 46. Kd2 Rd4 47. a5 Ra4 48. Bg4 Ra3 49. Rf5+ Ke4 50. Rxg5 Ra2+ 51. Kc3 Rc2+ 52. Kb3 Rc1 53. Kb2 d2 54. a6 d1Q 55. Bxd1 Rxd1 56. a7 Rd8 57. Ra5 1-0

[Event "Moia op 3rd"]
[Site "Moia"]
[Date "2014.09.26"]
[Round "2"]
[White "Canellas Magide, Lluis"]
[Black "Benet Saniger, Xavier"]
[Result "1-0"]
[WhiteElo "2208"]
[BlackElo "1968"]
[PlyCount "115"]
[EventDate "2014.09.19"]
[EventType "swiss"]
[EventRounds "8"]
[EventCountry "ESP"]
[SourceTitle "EXT 2016"]
[Source "ChessBase"]
[SourceDate "2015.10.08"]
[SourceVersion "1"]
[SourceVersionDate "2015.10.08"]
[SourceQuality "1"]

1. g3 d5 2. f4 c5 3. Bg2 Nc6 4. Nf3 Nf6 5. d3 Qc7 6. 0-0 Bg4 7. c3 h5 8. Qe1 e6 9. e4 dxe4 10. dxe4 Bxf3 11. Bxf3 0-0-0 12. Na3 Be7 13. Qe2 a6 14. Be3 Ng4 15. Bxg4 hxg4 16. Qxg4 Rh7 17. Rad1 Rdh8 18. Rd2 Rd8 19. Rfd1 Rxd2 20. Rxd2 g6 21. Qd1 Rh8 22. Nc4 b5 23. Nd6+ Bxd6 24. Rxd6 c4 25. Kg2 Rd8 26. Rxd8+ Qxd8 27. Qxd8+ Kxd8 28. Kf3 Ke7 29. Bc5+ Kf6 30. e5+ Kg7 31. Ke4 Kh6 32. g4 Kg7 33. h4 Kh6 34. Bf8+ Kh7 35. Kf3 Kg8 36. Bc5 Kg7 37. Ke4 Kh6 38. Bf8+ Kh7 39. f5 Kg8 40. Bd6 Kg7 41. fxe6 fxe6 42. Kf4 Nd8 43. Be7 Nc6 44. Bf6+ Kh6 45. Bg5+ Kg7 46. h5 Kh7 47. Ke4 Kg7 48. Be3 gxh5 49. gxh5 Ne7 50. Kf4 Nf5 51. Ke4 Ng3+ 52. Kd4 Nf5+ 53. Kc5 Nxe3 54. Kb6 Ng4 55. Kxa6 Nxe5 56. Kxb5 Kh6 57. a4 Kxh5 58. a5 1-0

[Event "Roncana op-A 7th"]
[Site "Santa Eulalia de Roncana"]
[Date "2013.11.23"]
[Round "7"]
[White "Rojano Alfonso, Carlos"]
[Black "Canellas Magide, Lluis"]
[Result "1/2-1/2"]
[WhiteElo "2219"]
[BlackElo "2062"]
[PlyCount "94"]
[EventDate "2013.10.05"]
[EventType "swiss"]
[EventRounds "8"]
[EventCountry "ESP"]
[SourceTitle "CBM 157 Extra"]
[Source "ChessBase"]
[SourceDate "2013.12.19"]
[SourceVersion "1"]
[SourceVersionDate "2013.12.19"]
[SourceQuality "1"]

1. d4 d5 2. Nc3 Nc6 3. Nf3 Bf5 4. Bf4 e6 5. e3 Bd6 6. Bg3 Nge7 7. Qd2 a6 8. Nh4 Bg6 9. Nxg6 hxg6 10. Bxd6 Qxd6 11. g3 0-0-0 12. 0-0-0 Kb8 13. a3 Nc8 14. Na4 Nb6 15. Nc5 Nd7 16. Nb3 Ka7 17. c4 dxc4 18. Bxc4 Nb6 19. Be2 Qd5 20. Qc2 Na5 21. Nxa5 Qxa5 22. Kb1 Rd7 23. Qc5 Qxc5 24. dxc5 Rxd1+ 25. Rxd1 Nd5 26. h4 c6 27. Bf3 Kb8 28. Kc2 Kc7 29. b4 a5 30. Kb3 axb4 31. axb4 Ra8 32. e4 Nf6 33. g4 Rd8 34. Rxd8 Kxd8 35. b5 Nd7 36. Kb4 Kc7 37. Be2 b6 38. cxb6+ Kxb6 39. bxc6 Kxc6 40. Bb5+ Kd6 41. Bxd7 Kxd7 42. Kc5 e5 43. Kd5 f6 44. g5 Ke7 45. f3 Kd7 46. Kc5 Kc7 47. Kd5 Kd7 1/2-1/2

[Event "Roncana op-A 7th"]
[Site "Santa Eulalia de Roncana"]
[Date "2013.10.19"]
[Round "3"]
[White "Canellas Magide, Lluis"]
[Black "Subirats Ruiz, Sergi"]
[Result "0-1"]
[WhiteElo "2062"]
[BlackElo "2187"]
[PlyCount "98"]
[EventDate "2013.10.05"]
[EventType "swiss"]
[EventRounds "8"]
[EventCountry "ESP"]
[SourceTitle "CBM 157 Extra"]
[Source "ChessBase"]
[SourceDate "2013.12.19"]
[SourceVersion "1"]
[SourceVersionDate "2013.12.19"]
[SourceQuality "1"]

1. d3 g6 2. g3 Bg7 3. Bg2 d6 4. c4 e5 5. Nc3 c6 6. e4 f5 7. Nge2 h5 8. d4 Qe7 9. Be3 Na6 10. Qd2 Nf6 11. 0-0 h4 12. Rad1 hxg3 13. hxg3 f4 14. gxf4 Ng4 15. f3 Nxe3 16. Qxe3 exf4 17. Qxf4 Bh6 18. Qg3 Be3+ 19. Rf2 g5 20. Rd3 Bxf2+ 21. Kxf2 Bd7 22. e5 dxe5 23. Re3 0-0-0 24. Rxe5 Qb4 25. Rxg5 Nc7 26. b3 Ne6 27. Ne4 Nxg5 28. Nd6+ Kc7 29. c5 Rdg8 30. Nf5+ Kc8 31. Ne7+ Kd8 32. Nxg8 Rxg8 33. Qb8+ Bc8 34. Qd6+ Ke8 35. Qe5+ Kf8 36. Qd6+ Kf7 37. Qf4+ Kg6 38. Qd6+ Ne6 39. Bh3 Re8 40. Qg3+ Kf7 41. Bxe6+ Bxe6 42. Qc7+ Re7 43. Qf4+ Kg7 44. Qg5+ Kf7 45. Qh5+ Kf8 46. Qh8+ Bg8 47. Qf6+ Ke8 48. Qg6+ Bf7 49. Qd6 Qa5 0-1

[Event "Vall del Tenes op 2nd"]
[Site "Vall del Tenes"]
[Date "2013.05.24"]
[Round "7"]
[White "Canellas Magide, Lluis"]
[Black "Garcia Alcaide, Victor Manuel"]
[Result "0-1"]
[WhiteElo "2099"]
[BlackElo "1818"]
[PlyCount "92"]
[EventDate "2013.04.05"]
[EventType "swiss"]
[EventRounds "8"]
[EventCountry "ESP"]
[SourceTitle "EXT 2014"]
[Source "ChessBase"]
[SourceDate "2013.11.20"]
[SourceVersion "1"]
[SourceVersionDate "2013.11.20"]
[SourceQuality "1"]

1. e4 e6 2. d4 d5 3. e5 c5 4. c3 Nc6 5. Nf3 Qb6 6. Bd3 cxd4 7. cxd4 Bd7 8. 0-0 Nxd4 9. Nxd4 Qxd4 10. Nc3 a6 11. Qe2 Ne7 12. Kh1 Nc6 13. f4 Bc5 14. Bd2 Nb4 15. Bb1 Qc4 16. Qf3 Qd4 17. Bc1 0-0 18. a3 Nc6 19. Ne2 Qa4 20. Bd2 Nd4 21. Nxd4 Qxd4 22. Bc3 Qe3 23. Qd1 Bb5 24. Qc2 g6 25. Bd2 Qe2 26. Re1 Qc4 27. Qxc4 Bxc4 28. Rc1 Bd4 29. Bc3 Be3 30. Rd1 Bxf4 31. Rd4 Be3 32. Rh4 Rfd8 33. Bd4 Bxd4 34. Rxd4 Rac8 35. Bc2 Be2 36. Bb3 Rc7 37. Re1 Bc4 38. Bd1 Ba2 39. h4 Rc4 40. Rxc4 dxc4 41. Bf3 b5 42. Rd1 Rxd1+ 43. Bxd1 a5 44. Kg1 b4 45. axb4 axb4 46. Kf2 Bb1 0-1

[Event "Canet de Mar Tancat del Maresme 5th"]
[Site "Canet de Mar"]
[Date "2012.06.09"]
[Round "9"]
[White "Gurri Mancera, Ferran"]
[Black "Canellas Magide, Lluis"]
[Result "1/2-1/2"]
[WhiteElo "2172"]
[BlackElo "2201"]
[PlyCount "78"]
[EventDate "2012.04.14"]
[EventType "swiss"]
[EventRounds "9"]
[EventCountry "ESP"]
[SourceTitle "EXT 2024"]
[Source "ChessBase"]
[SourceDate "2023.10.10"]
[SourceVersion "1"]
[SourceVersionDate "2023.10.10"]
[SourceQuality "1"]

1. d4 f5 2. g3 Nf6 3. Bg2 g6 4. Nf3 Bg7 5. 0-0 0-0 6. c4 d6 7. Nc3 Nc6 8. d5 Ne5 9. Nxe5 dxe5 10. Qb3 e4 11. Rd1 h6 12. c5 e6 13. Bf4 g5 14. Be5 Nxd5 15. Bxg7 Kxg7 16. Nxd5 exd5 17. Rxd5 Qf6 18. Rd2 b6 19. Rc1 Be6 20. Qa3 a5 21. cxb6 cxb6 22. f3 Rac8 23. Rcd1 Rfd8 24. Rxd8 Rxd8 25. Rxd8 Qxd8 26. Qc3+ Qf6 27. Qc7+ Kg6 28. Qxb6 exf3 29. Bxf3 g4 30. Bb7 Bxa2 31. Qxf6+ Kxf6 32. Kf2 Ke5 33. Ke3 Bb1 34. Bc8 Be4 35. Kd2 Kd4 36. Be6 Ke5 37. Bc8 Bd5 38. Ke3 Bc6 39. Ba6 Bd5 1/2-1/2

[Event "Llinars del Valles Tardor op 2nd"]
[Site "Llinars del Valles"]
[Date "2010.10.29"]
[Round "7"]
[White "Canellas Magide, Lluis"]
[Black "Molero Tejada, Santiago"]
[Result "1-0"]
[WhiteElo "2116"]
[BlackElo "1982"]
[PlyCount "47"]
[EventDate "2010.09.17"]
[EventType "swiss"]
[EventRounds "9"]
[EventCountry "ESP"]
[SourceTitle "EXT 2012"]
[Source "ChessBase"]
[SourceDate "2011.11.24"]
[SourceVersion "1"]
[SourceVersionDate "2011.11.24"]
[SourceQuality "1"]

1. Nc3 d5 2. e4 dxe4 3. Nxe4 Bf5 4. Ng3 Bg6 5. Bc4 e6 6. Nf3 Bd6 7. Qe2 h6 8. Ne5 Qf6 9. d4 Ne7 10. c3 Bxe5 11. dxe5 Qh4 12. 0-0 Nec6 13. f4 0-0 14. f5 exf5 15. Nxf5 Bxf5 16. Rxf5 Nd7 17. e6 Nde5 18. exf7+ Nxf7 19. b3 Qe7 20. Qh5 Rae8 21. Bxh6 gxh6 22. Qg6+ Kh8 23. Bxf7 Qe3+ 24. Kh1 1-0

[Event "Barcelona Amateur op-E 7th"]
[Site "Barcelona"]
[Date "2009.02.10"]
[Round "2"]
[White "Baratech Galup, Juan Manuel"]
[Black "Canellas Magide, Lluis"]
[Result "1/2-1/2"]
[WhiteElo "1975"]
[BlackElo "2121"]
[PlyCount "110"]
[EventDate "2009.02.03"]
[EventType "swiss"]
[EventRounds "8"]
[EventCountry "ESP"]
[SourceTitle "EXT 2011"]
[Source "ChessBase"]
[SourceDate "2010.11.26"]
[SourceVersion "1"]
[SourceVersionDate "2010.11.26"]
[SourceQuality "1"]

1. d4 f5 2. Nf3 Nf6 3. g3 g6 4. Bg2 Bg7 5. 0-0 0-0 6. c3 c6 7. Nbd2 d5 8. Ne5 Nbd7 9. Ndf3 Qe8 10. Qb3 h6 11. Nxd7 Nxd7 12. h4 Kh7 13. Bf4 e5 14. dxe5 Nxe5 15. Rfe1 Rf7 16. Rad1 Nxf3+ 17. Bxf3 Be6 18. Qc2 Qe7 19. b3 Rd8 20. Be3 c5 21. Bc1 Qf6 22. c4 dxc4 23. Rxd8 cxb3 24. axb3 Qxd8 25. Qxc5 Bd4 26. Qb4 Qc7 27. Bf4 Qc5 28. Qxc5 Bxc5 29. Rb1 Bb4 30. e4 b6 31. Be3 Rc7 32. exf5 Bxf5 33. Rc1 Rd7 34. Rd1 Rf7 35. Rd8 Be6 36. Bd4 Rf8 37. Rxf8 Bxf8 38. Bd1 Bg7 39. Be3 Kg8 40. Kf1 Kf7 41. Bc2 Bf5 42. Bd1 h5 43. Ke2 Ke6 44. Kd2 Kd5 45. Bf3+ Be4 46. Be2 Bd4 47. f3 Bxe3+ 48. Kxe3 Bc2 49. Bc4+ Ke5 50. Kd2 Bf5 51. Kc3 a5 52. Bb5 Be6 53. Bd3 Bd5 54. Be2 b5 55. Bxb5 Bxf3 1/2-1/2

[Event "Barcelona Amateur op-E 7th"]
[Site "Barcelona"]
[Date "2009.02.03"]
[Round "1"]
[White "Canellas Magide, Lluis"]
[Black "Riembau Saperas, Marc"]
[Result "1-0"]
[WhiteElo "2121"]
[BlackElo "1795"]
[PlyCount "103"]
[EventDate "2009.02.03"]
[EventType "swiss"]
[EventRounds "8"]
[EventCountry "ESP"]
[SourceTitle "EXT 2011"]
[Source "ChessBase"]
[SourceDate "2010.11.26"]
[SourceVersion "1"]
[SourceVersionDate "2010.11.26"]
[SourceQuality "1"]

1. Nc3 c5 2. d4 cxd4 3. Qxd4 Nc6 4. Qh4 e6 5. Qxd8+ Kxd8 6. Nf3 Nb4 7. Kd1 a6 8. Bf4 Nf6 9. Ng5 Ke8 10. Nce4 Nbd5 11. Nd6+ Bxd6 12. Bxd6 h6 13. Nh3 Ne4 14. Bg3 Nxg3 15. hxg3 b5 16. e4 Nf6 17. Bd3 Bb7 18. f3 Ke7 19. Ke2 d5 20. exd5 Nxd5 21. Be4 Rhe8 22. Nf4 Nxf4+ 23. gxf4 Bxe4 24. fxe4 Rac8 25. c3 Red8 26. Rad1 Rxd1 27. Rxd1 Rd8 28. Rxd8 Kxd8 29. Ke3 Kd7 30. Kd4 Kd6 31. e5+ Kc6 32. b4 f5 33. exf6 gxf6 34. c4 e5+ 35. fxe5 fxe5+ 36. Kxe5 bxc4 37. Kd4 Kb5 38. Kc3 Ka4 39. Kxc4 Ka3 40. b5 axb5+ 41. Kxb5 Kxa2 42. Kc4 Kb2 43. Kd4 Kc2 44. Ke4 Kd2 45. Kf3 Kd3 46. g4 Kd4 47. Kf4 Kd5 48. Kf5 Kd6 49. Kg6 Ke6 50. Kxh6 Kf7 51. g5 Kg8 52. Kg6 1-0

[Event "Barbera del Valles op-B 30th"]
[Site "Barbera del Valles"]
[Date "2007.07.08"]
[Round "3"]
[White "Canellas Magide, Lluis"]
[Black "Exposito Cabrera, Joaquin"]
[Result "0-1"]
[WhiteElo "2111"]
[BlackElo "2040"]
[PlyCount "44"]
[EventDate "2007.07.06"]
[EventType "swiss"]
[EventRounds "7"]
[EventCountry "ESP"]
[SourceTitle "EXT 2008"]
[Source "ChessBase"]
[SourceDate "2007.11.25"]
[SourceVersion "1"]
[SourceVersionDate "2007.11.25"]
[SourceQuality "1"]

1. Nc3 c5 2. Nf3 e6 3. d4 cxd4 4. Nxd4 a6 5. g3 Nf6 6. Bg2 Be7 7. Bg5 h6 8. Bf4 d6 9. Nb3 Qc7 10. Qd2 Nbd7 11. 0-0-0 Ne5 12. Bxe5 dxe5 13. Ne4 Nd5 14. Qe1 f5 15. Ned2 e4 16. Nb1 Nb4 17. Nc3 Bf6 18. Nd4 Qc4 19. b3 Qxc3 20. Qxc3 Nxa2+ 21. Kb2 Nxc3 22. Kxc3 e5 0-1

[Event "Barbera del Valles op-B 30th"]
[Site "Barbera del Valles"]
[Date "2007.07.07"]
[Round "2"]
[White "Gonzalez Garcia, Sergi"]
[Black "Canellas Magide, Lluis"]
[Result "0-1"]
[WhiteElo "1881"]
[BlackElo "2111"]
[PlyCount "92"]
[EventDate "2007.07.06"]
[EventType "swiss"]
[EventRounds "7"]
[EventCountry "ESP"]
[SourceTitle "EXT 2008"]
[Source "ChessBase"]
[SourceDate "2007.11.25"]
[SourceVersion "1"]
[SourceVersionDate "2007.11.25"]
[SourceQuality "1"]

1. e4 Nf6 2. e5 Nd5 3. d4 d6 4. Nf3 g6 5. c4 Nb6 6. Bd3 Bg7 7. 0-0 dxe5 8. dxe5 Nc6 9. Qe2 Bg4 10. Nbd2 Nxe5 11. Be4 c6 12. h3 Bxf3 13. Bxf3 Qc7 14. Rb1 0-0-0 15. b3 Nd3 16. Ne4 Ne5 17. Bb2 Nxf3+ 18. Qxf3 Bxb2 19. Rxb2 Qe5 20. Re2 Rhf8 21. Nc3 Qf6 22. Qxf6 exf6 23. Rfe1 f5 24. Nb1 Rd7 25. Nd2 Rfd8 26. Nf3 f6 27. Re6 Rf7 28. Re7 Rd7 29. Rxf7 Rxf7 30. Kh2 Kd7 31. Kg3 Re7 32. Rxe7+ Kxe7 33. Nd4 Nd7 34. f4 Nc5 35. Kf3 Kd6 36. Ke3 a6 37. b4 Ne4 38. g4 Nc3 39. gxf5 Nxa2 40. fxg6 hxg6 41. Nc2 c5 42. b5 axb5 43. cxb5 Nc3 44. Na3 Kd5 45. Kd3 Ne4 46. h4 Nd6 0-1

[Event "Barbera del Valles op-B 30th"]
[Site "Barbera del Valles"]
[Date "2007.07.06"]
[Round "1"]
[White "Canellas Magide, Lluis"]
[Black "Gonzalez Muelas, Marco Antonio"]
[Result "1-0"]
[WhiteElo "2111"]
[BlackElo "1846"]
[PlyCount "51"]
[EventDate "2007.07.06"]
[EventType "swiss"]
[EventRounds "7"]
[EventCountry "ESP"]
[SourceTitle "EXT 2008"]
[Source "ChessBase"]
[SourceDate "2007.11.25"]
[SourceVersion "1"]
[SourceVersionDate "2007.11.25"]
[SourceQuality "1"]

1. Nc3 e5 2. Nf3 Nc6 3. d4 d6 4. dxe5 dxe5 5. Qxd8+ Kxd8 6. Bg5+ f6 7. 0-0-0+ Ke8 8. Nb5 Bd6 9. Bh4 e4 10. Nd2 Bf5 11. Nc4 Kd7 12. Nbxd6 cxd6 13. Nxd6 Ke6 14. e3 Bg4 15. Bc4+ Ke7 16. Rd2 Ne5 17. Bb3 Rd8 18. Nxe4 Rxd2 19. Nxd2 Nh6 20. f3 Bd7 21. e4 g5 22. Bf2 b6 23. h4 Rc8 24. hxg5 Nd3+ 25. Kb1 Nxf2 26. Rxh6 1-0

[Event "Barcelona Sant Marti op 06th"]
[Site "Barcelona"]
[Date "2004.05.22"]
[Round "5"]
[White "Munoz Pantoja, Miguel Angel"]
[Black "Canellas Magide, Lluis"]
[Result "1-0"]
[WhiteElo "2480"]
[BlackElo "2215"]
[PlyCount "65"]
[EventDate "2004.04.17"]
[EventType "swiss"]
[EventRounds "9"]
[EventCountry "ESP"]
[SourceTitle "CBM 100 Extra"]
[Source "ChessBase"]
[SourceDate "2004.07.06"]
[SourceVersion "2"]
[SourceVersionDate "2004.07.06"]
[SourceQuality "1"]

1. e4 d5 2. exd5 Qxd5 3. Nf3 Bg4 4. Be2 Nc6 5. d4 0-0-0 6. c4 Qh5 7. Be3 e5 8. d5 e4 9. Ng5 Bxe2 10. Qxe2 Qxe2+ 11. Kxe2 Ne5 12. b3 Nf6 13. Nc3 h6 14. Ngxe4 Nxe4 15. Nxe4 Ba3 16. Bc1 Bxc1 17. Raxc1 Rhe8 18. Kd2 Kb8 19. Rhe1 c6 20. Nc3 cxd5 21. Nxd5 b5 22. Kc3 bxc4 23. bxc4 Rc8 24. Rb1+ Ka8 25. Rb4 f6 26. f4 Red8 27. fxe5 Rxd5 28. exf6 gxf6 29. Re8 Rxe8 30. cxd5 Re2 31. d6 Rxg2 32. d7 Rg8 33. Re4 1-0